Datum a čas kvízu
33
Celkem bodů
Celkový počet nahraných bodů na tomto kvízu bez doplňovacích otázek.
10.
Pořadí na kvízu
Konečné umístění týmu na tomto kvízu.
Zaznamenané odpovědi
| # | Otázka | Odpověď | Body | Výsledky |
|---|---|---|---|---|
| 1. | Minulé úterý jsme si mohli pov... | autismus, modrá barva | 0.5 | |
| 2. | Jedna z evropských zemí se od... | Německo | 1 | |
| 3. | Ve středu zveřejnil americký č... | Taylor Swift | 1 | |
| 4. | Český ministr zemědělství naří... | sbírat lesní klest | 1 | |
| 5. | Ve středu odstartoval ve Spoje... | bronzové medaile | 0 | |
| 6. | Nobelovu cenu za objev krevníc... | Jan Janský | 1 | |
| 7. | Ve kterém orgánu lidského těla... | ve slezině | 0 | |
| 8. | Vyberte pravdivé tvrzení: | D | 0 | |
| 9. | Za půl bodu napište, jak se na... | Alexej; hemofilie | 0.5 | |
| 10. | Někteří bezobratlí živočichové... | hemolymfa; krvomíza | 0 |